000 00814nam a2200253Ia 4500
003 OSt
005 20220926002538.0
006 a|||||r|||| 00| 0
007 ta
008 220923b |||||||| |||| 00| 0 eng d
020 _a9788123754109
_c38.25
037 _b891, 18/03/2013, Pranami Book Service
_cGeneral Book
040 _aRTL
_cRTL
_beng
041 _2eng
_aeng
082 _aY9(W,8).2, P8
100 _aMATHUR Kuldeep
245 0 _aFrom government to governance
_b A brief survey of the Indian experience.
260 _a New Delhi
_bNational Book Trust
_c2010
300 _avii,143p.
_ccm.
490 _aPopular Social Science
650 _aSociology
942 _hY9(W,8).2, P8
_cGB
_2CC
999 _c605374
_d605374